000 00697nam a22002057a 4500
005 20251108172712.0
008 250721s2003 xx 000 0 ara d
082 1 4 _a320.9565/لصا
100 1 _aاللصاصمة، إحمود
_eمؤلف
245 1 0 _aالمستجدات السياسية والعسكرية على الساحة الأردنية 1968-1974 /
264 1 _aعمان :
_bدار الخليج،
_c2003.
300 _a462ص.
650 1 7 _aتاريخ الأردن
650 1 7 _aالظروف السياسية
650 1 7 _aالتاريخ العسكري
650 1 7 _aالأردن
650 1 7 _aالنزاع العربي الإسرائيلي
942 _2ddc
_cBK
999 _c86321
_d86321